Datum a čas kvízu
24
Celkem bodů
Celkový počet nahraných bodů na tomto kvízu bez doplňovacích otázek.
4.
Pořadí na kvízu
Konečné umístění týmu na tomto kvízu.
Zaznamenané odpovědi
| # | Otázka | Odpověď | Body | Výsledky |
|---|---|---|---|---|
| 1. | 15. ledna byl slavnostně otevř... | 0 | ||
| 3. | Ve středu 17. ledna byly oznám... | 1 | ||
| 4. | Společnost Škoda Auto oznámila... | 1 | ||
| 5. | Její start poutal hodně pozorn... | 1 | ||
| 6. | Abychom se mohli ohřát u ohně,... | 0 | ||
| 7. | Pták Ohnivák je slavný pohádko... | 0 | ||
| 8. | Olympijský oheň je jedním ze z... | 0 | ||
| 5. | Ohníček byl časopis pro děti a... | 0 | ||
| 5. | Napište název jevu související... | 0 | ||
| 11. | Název tématu zhruba vymezuje... | 0 |